Spell the Avenger #4 - Statistics

General Stats
  • This quiz has been taken 20 times
  • The average score is 12 of 14
Answer Stats
Picture Answer % Correct
Doctor Strange
100%
Iron Fist
100%
Iron Man
100%
Thing
100%
Moon Knight
94%
Luke Cage
89%
Ms. Marvel
89%
Old Man Logan
89%
Demolition-Man
78%
Echo
78%
Nick Fury
78%
Nova
78%
Okoye
78%
Agent Venom
72%
No matching quizzes found
Score Distribution
Percent of People with Each Score
Percentile by Number Answered
Your Score History
You have not taken this quiz